| 000 | 00525nam a22001817a 4500 | ||
|---|---|---|---|
| 005 | 20251108165301.0 | ||
| 008 | 250721s1998 xx 000 0 ara d | ||
| 082 | 1 | 4 | _a923.1565/حسي |
| 245 | 1 | 0 |
_aقمر الأمة : _bوثيقة الولاء / |
| 264 | 1 |
_aعمان : _c1998. |
|
| 500 | _aبمناسبة شفاء الحسين | ||
| 650 | 1 | 7 | _aالتراجم |
| 650 | 1 | 7 | _aالملوك و الحكام |
| 650 | 1 | 7 | _aالأردن |
| 710 | 2 | _aدار الخبرة الأردنية | |
| 942 |
_2ddc _cBK |
||
| 999 |
_c24096 _d24096 |
||